|
|
|
|
| LEADER |
00000nkmaa2200000 a 4500 |
| 001 |
vtls011617505 |
| 003 |
SK-MaSNL |
| 005 |
20260301093614.0 |
| 007 |
kh bo |
| 008 |
230802n xo | ||00 k|slo |
| 035 |
|
|
|a AD36ACC7-2DAC-4F89-A117-2BF8C758B844
|
| 035 |
|
|
|a urn:nbn:sk:snk-km43iyz
|
| 035 |
|
|
|a urn:nbn:sk:snk-km00e4w7
|
| 040 |
|
|
|a SNKLA
|b slo
|c SNKLA
|e AACR2
|
| 041 |
0 |
|
|a slo
|
| 044 |
|
|
|a xo
|c SK
|
| 245 |
0 |
0 |
|a [Rodný dom Pavla Országha Hviezdoslava vo Vyšnom Kubíne - maketa]
|h grafika
|
| 260 |
|
|
|a [S.l.
|b s.n.
|c s.a.]
|
| 300 |
|
|
|a 1 fotografia
|b čb
|c 12 x 18 cm
|
| 520 |
2 |
|
|a Zobrazenie: Maketa rodného domu Pavla Országha Hviezdoslava vo Vyšnom Kubíne.
|
| 600 |
1 |
7 |
|a Hviezdoslav, Pavol Országh,
|d 1849-1921
|2 SNKMA
|9 92721
|
| 650 |
0 |
7 |
|a rodné domy
|2 SNKPH
|9 91319
|
| 651 |
|
7 |
|a Vyšný Kubín (Slovensko)
|2 SNKPH
|9 81701
|
| 655 |
|
7 |
|a fotografie
|2 SNKPH
|9 70713
|
| 852 |
|
|
|a Slovenská národná knižnica
|b Literárny archív
|
| 852 |
7 |
|
|a Slovenská národná knižnica
|b Literárny archív
|
| 958 |
|
|
|a ZO
|
| 958 |
|
|
|a BLA
|
| 999 |
|
|
|c 677549
|d 679479
|
| 952 |
|
|
|a SNKLA
|b SNKLA
|c SNKLA_DEP
|y NEVYP
|7 0
|p 17A1008900
|o snkK 3/237
|i snkLA 493/1963
|0 0
|1 0
|4 0
|d 2017-03-14
|f 1
|l 0
|r 2026-02-23 19:46:38
|w 2026-02-23
|